Abejas al servicio del caficultor : la apicultura como una herramienta agroecológica /

Bibliographic Details
Main Authors: Acosta Leal, Daniel Augusto (Author), González Martínez, Camilo José (Author), Vargas Bautista, Giovanni Andrés (Author)
Format: Electronic eBook
Language:Spanish
Published: Bogotá D.C., Colombia : Corporación Universitaria Minuto de Dios - UNIMINUTO, 2017.
Subjects:
Online Access:Digitalia Hispánica

MARC

LEADER 00000nam a2200000Ii 4500
001 DIGCUMD0172
003 NyNyDIG
008 240122s2017 ck a ob 000 0 spa d
006 m o d
007 cr |||||||||||
035 |a (OCoLC)1419043942 
040 |a DGITA  |b eng  |e rda  |e pn  |c DGITA 
043 |a s-ck--- 
020 |z 9789587632156 
050 1 4 |a SF531 ebook 
100 1 |a Acosta Leal, Daniel Augusto,  |e author. 
245 1 0 |a Abejas al servicio del caficultor :  |b la apicultura como una herramienta agroecológica /  |c autores, Daniel Augusto Acosta Leal, Camilo José González Martínez, Giovanni Andrés Vargas Bautista. 
264 1 |a Bogotá D.C., Colombia :  |b Corporación Universitaria Minuto de Dios - UNIMINUTO,  |c 2017. 
300 |a 1 online resource :  |b illustrations. 
336 |a text  |b txt  |2 rdacontent 
337 |a computer  |b c  |2 rdamedia 
338 |a online resource  |b cr  |2 rdacarrier 
347 |a text file  |2 rdaft 
347 |b PDF 
504 |a Includes bibliographical references. 
588 0 |a Online resource; title from PDF title page (Digitalia, viewed January 22, 2024) 
650 0 |a Bee culture  |z Colombia. 
650 0 |a Animal culture  |z Colombia. 
650 0 |a Sustainable agriculture  |z Colombia. 
700 1 |a González Martínez, Camilo José,  |e author. 
700 1 |a Vargas Bautista, Giovanni Andrés,  |e author. 
791 2 |a Digitalia (Firm),  |e distributor. 
793 0 |g Digitalia ebook Collection:  |a Corporación Universitaria Minuto de Dios  
776 0 8 |i Print version:  |a Acosta Leal, Daniel Augusto.  |t Abejas al servicio del caficultor .  |b Primera edición.  |d Bogotá D.C., Colombia : Corporación Universitaria Minuto de Dios - UNIMINUTO, 2017  |z 9789587632156 
856 4 0 |3 Digitalia Hispánica  |u https://www.digitaliapublishing.com/a/131714/ 
910 |a Premium collection: 2024